000 00635cam a2200229 i 4500
001 4190702
005 20180314055522.0
008 801105s1981 nyua b 001 0deng
010 _a 80026823
020 _a0871963043 :
_c$15.95
040 _aDLC
_cDLC
_dDLC
041 _aeng
043 _an-us---
080 _a810.9 BEN
082 0 0 _a810.9 BEN
_aB
_219
100 _a21
101 _aGJL
245 0 4 _aThe Literary guide to the United States /
_cStewart Benedict, consultant editor.
504 _aIncludes bibliographical references and index.
906 _a7
_bcbc
_corignew
_du
_eocip
_f19
_gy-gencatlg
942 _2ddc
_cBK
999 _c44993
_d44993